XML bible
Αποθηκεύτηκε σε:
| Κύριος συγγραφέας: | |
|---|---|
| Μορφή: | Βιβλίο |
| Γλώσσα: | Undetermined |
| Έκδοση: |
New York, NY
Hungry Minds
2001
|
| Θέματα: | |
| Ετικέτες: |
Προσθήκη ετικέτας
Δεν υπάρχουν, Καταχωρήστε ετικέτα πρώτοι!
|
| Thư viện lưu trữ: | Trung tâm Học liệu Trường Đại học Cần Thơ |
|---|
| LEADER | 00481nam a2200181Ia 4500 | ||
|---|---|---|---|
| 001 | CTU_58107 | ||
| 008 | 210402s9999 xx 000 0 und d | ||
| 082 | |a 005.7592 | ||
| 082 | |b H292 | ||
| 100 | |a Elliotte Rusty Harold | ||
| 245 | 0 | |a XML bible | |
| 245 | 0 | |c Elliotte Rusty Harold | |
| 260 | |a New York, NY | ||
| 260 | |b Hungry Minds | ||
| 260 | |c 2001 | ||
| 650 | |a xml ( document markup language ) | ||
| 904 | |i Minh | ||
| 980 | |a Trung tâm Học liệu Trường Đại học Cần Thơ | ||